| 000 | 00809cab a2200217 4500 | ||
|---|---|---|---|
| 001 | WB3037-58 | ||
| 008 | 090401t1994 xxu||||| |||| 00| 0 eng d | ||
| 035 | _a(Sirsi) u62055 | ||
| 041 | _aeng | ||
| 245 | _aPrivatisation of VO a danger | ||
| 260 | _c1994 | ||
| 350 | _a0 | ||
| 490 |
_aRICS Press Release _v(PR158/94corp) 3 October 1994 (2) |
||
| 520 | _aPrivatisation of the Valuation Office would bring into question its reputation for competence, confidentiality, objectivity and impartiality according the the RICS in response to the Chancellor of the Exchequer`s review of the Agency status of the Inland Revenue`s Valuation Office. | ||
| 650 | _aPRIVATISATION | ||
| 650 | _aRICS RESPONSE | ||
| 650 | _aVALUATION OFFICE | ||
| 690 | _aRATING AND VALUATION | ||
| 942 | _n0 | ||
| 948 | _c04/03/1997 | ||
| 999 |
_c38529 _d38529 |
||